Paul Klee (Record no. 8477)

MARC details
000 - LÍDER
campo de control de longitud fija 00640nam a2200205Ia 4500
008 - ELEMENTOS DE DATOS DE LONGITUD FIJA - INFORMACIÓN GENERAL
campo de control de longitud fija 0000001972 sp a 0000000000spa00
090 ## - NÚMERO DE LLAMADA DE TIPO LC LOCALMENTE ASIGNADO (OCLC)
Número de clasificación (OCLC) (R) PSZ00 J12p
100 1# - ENTRADA PRINCIPAL - NOMBRE PERSONAL
Nombre de la persona Jaffe, Hans L.
245 10 - TÍTULO DECLARACIÓN
Título Paul Klee
Declaración de responsabilidad / Hans L. Jaffe ; traducción Fernando Hernández
260 ## - PUBLICACIÓN, DISTRIBUCIÓN
Lugar de publicación Barcelona : Nauta
Fecha de publicación 1972
300 ## - DESCRIPCIÓN FÍSICA
Alcance 95 p.
Dimensiones / 30 cm.
600 00 - ENTRADA DE SUJETO AÑADIDO - NOMBRE PERSONAL
Nombre de la persona KLEE, PAUL, 18791940/
Subdivisión general TRABAJOS PICTORICOS
650 14 - ENTRADA DE SUJETO AÑADIDO - TÉRMINO TÓPICO
Término tópico o elemento de entrada del nombre geográfico ARTE CONTEMPORANEO SUIZO
650 14 - ENTRADA DE SUJETO AÑADIDO - TÉRMINO TÓPICO
Subdivisión general CATALOGOS
650 14 - ENTRADA DE SUJETO AÑADIDO - TÉRMINO TÓPICO
Subdivisión general EXPOSICIONES
650 14 - ENTRADA DE SUJETO AÑADIDO - TÉRMINO TÓPICO
Término tópico o elemento de entrada del nombre geográfico PINTORES SUIZOS
650 14 - ENTRADA DE SUJETO AÑADIDO - TÉRMINO TÓPICO
Término tópico o elemento de entrada del nombre geográfico PINTURA SUIZA
700 1# - ENTRADA AGREGADA - NOMBRE PERSONAL
Nombre de la persona Hernández, Fernando, tr.
Holdings
Estado de retirada Pérdida de estatus Estado dañado No para préstamo Código de recogida Ubicación permanente Ubicación actual Ubicación de las estanterías Fecha de adquisición Número de llamada completo Código de barras Fecha de la última vez que se vio Número de copia Precio efectivo desde Tipo de artículo Koha
        General ArtNexus ArtNexus General 06/09/2022 P-SZ-00 J12P 8482 06/09/2022 Ej.1 06/09/2022 Libro

Powered by Koha